[Event "St Louis Spring A"]
[Site "Saint Louis USA"]
[Date "2018.03.14"]
[Round "9.5"]
[White "Ipatov, Alexander"]
[Black "Edouard, Romain"]
[Result "1/2-1/2"]
[WhiteTitle "GM"]
[BlackTitle "GM"]
[WhiteElo "2665"]
[BlackElo "2612"]
[WhiteFideId "14116731"]
[BlackFideId "633429"]
[EventDate "2018.03.06"]

1. Nf3 d5 2. g3 g6 3. Bg2 Bg7 4. d4 Nf6 5. O-O O-O 6. c3 c6 7. a4 Ne4 8. Nbd2
Nxd2 9. Nxd2 e5 10. dxe5 Bxe5 11. e4 dxe4 12. Nxe4 Qxd1 13. Rxd1 Bg4 14. f3 Bf5
15. Bh6 Bg7 16. Bxg7 Kxg7 17. Nd6 Na6 18. Bf1 Rab8 19. Nxf5+ gxf5 20. Rd4 Rfe8
21. Rad1 Nc5 22. a5 b6 23. Rd6 bxa5 24. Rxc6 Ne6 25. Rd2 Re7 26. Bc4 a4 27. Ra6
Ng5 28. Kf2 Reb7 29. h4 Rxb2 30. Rxb2 Rxb2+ 31. Ke3 Ne6 32. Bxe6 fxe6 33. Rxe6
Rc2 34. Kd3 Rf2 35. Ke3 Rc2 36. Ra6 Rxc3+ 37. Kf4 a3 38. h5 h6 39. Rxa7+ Kf6 40.
Ra6+ Kg7 41. Ra5 Rb3 42. g4 fxg4 43. Kxg4 Rb2 44. Rxa3 Rg2+ 45. Kh4 Rh2+ 46. Kg4
Rg2+ 47. Kh3 Rg5 48. Kh4 Rf5 49. Ra7+ Kg8 50. Ra3 Kg7 51. Rb3 Kg8 52. Ra3 1/2-1/2